| 000 | 01741cam a2200481 i 4500 | ||
|---|---|---|---|
| 003 | SA-RiAUC | ||
| 005 | 20250527075004.0 | ||
| 008 | 250524s1986 ti g 000 0cara c | ||
| 040 |
_aSA-RiAUC _bara _cSA-RiAUC _erda |
||
| 043 | _af-mr--- | ||
| 082 | 0 | 4 | _a922.586 |
| 090 |
_a922.586 _b س ل ي |
||
| 100 | 1 |
_aسليمان الباروني، سليمان بن عبد الله بن يحيى، _cباشا، _d1870-1940 _eمؤلف. |
|
| 245 | 1 | 0 |
_aكتاب الأزهار الرياضية في أئمة وملوك الأباضية / _cسليمان عبد الله الباروني النفوسي. |
| 246 | 3 | 0 | _aالأزهار الرياضية في أئمة وملوك الأباضية |
| 264 | 1 |
_aتونس : _bدار بو سلامة، _c1986 |
|
| 300 |
_a311 صفحة ؛ _c24 سم |
||
| 336 |
_aنص _btxt _2rdacontent _3كتاب |
||
| 337 |
_aبدون وسيط _bn _2rdamedia |
||
| 338 |
_aمجلد _bnc _2rdacarrier |
||
| 590 | _a2 autres exemplaires sont commandés chez (222). | ||
| 650 | 7 |
_aالأباضية (فرقة إسلامية) _zالمغرب _2aucsh |
|
| 650 | 7 |
_aالأئمة والأولياء _zالمغرب _2aucsh |
|
| 651 | 7 |
_aالمغرب _xملوك وحكام _vتراجم _2aucsh |
|
| 653 | _aالإمامة. | ||
| 653 | _aIMAMAT. | ||
| 653 | _aالملوك. | ||
| 653 | _aROI. | ||
| 653 | _aالإباضية. | ||
| 653 | _aIBADISME. | ||
| 653 | _aالأمازيغيون. | ||
| 653 | _aAMAZIGH. | ||
| 653 | _aالمدن. | ||
| 653 | _aVILLE. | ||
| 653 | _aالرستميون. | ||
| 653 | _aRUSTUMIDE. | ||
| 653 | _aطاهرت. | ||
| 653 | _aTAHERT. | ||
| 653 | _aMAGHREB. | ||
| 653 | _aالمغرب العربي. | ||
| 942 |
_2ddc _cBOOK _n0 |
||
| 949 |
_aSA-JeALM _d250524 _umohamedma123 _n1 |
||
| 999 |
_c8406 _d8406 |
||